000
00344nam a2200157Ia 4500
100
_a
Pal/Madhumangal
650
_a
Mechanics
942
_c
BK
366
_f
20
245
_a
Course on Classical mechanics
260
_b
Narosa publishing house
_c
2009
082
_a
620.1
_b
PAL
300
_a
267
546
_a
ENGLISH
_c
Info.Tech
999
_c
31188
_d
31188